4th gen kpop groups - Statistics

General Stats
  • This quiz has been taken 653 times
  • The average score is 21 of 66
Answer Stats
Hint Answer % Correct
JYP Stray Kids
91%
Starship Ive
89%
HYBE New Jeans
89%
HYBE Enhypen
88%
HYBE TXT
88%
CUBE (G)i-dle
87%
JYP Itzy
87%
HYBE Le Sserafim
86%
SM aespa
83%
JYP Nmixx
80%
KQ Entertainment Ateez
73%
YG Treasure
64%
Blockberry Creative Loona
61%
WAKEONE Kep1er
58%
HYBE fromis 9
49%
Yuehua Entertainment Everglow
47%
FNC Entertainment P1Harmony
46%
HIGHUP Entertainment Stayc
46%
Record Entertainment iz*one
42%
IST Entertainment The Boyz
41%
JYP Xdinary Heroes
41%
ATTRAKT Fifty Fifty
40%
Starship Entertainment Cravity
37%
RBW PURPLE KISS
35%
Mystic Story Billlie
33%
FNC Entertainment Cherry Bullet
26%
RBW oneus
25%
SM WayV
25%
IST Entertainment Weeekly
25%
SM GOT the beat
24%
SM SuperM
24%
C9 Entertainment CIX
22%
Brand New Music AB6IX
18%
Woollim Entertainment Rocket Punch
18%
Metaverse Entertainment Mave
16%
P Nation TNX
16%
MODHAUS tripleS
16%
DSP Media MIRAE
15%
MLD Entertainment Lapillus
14%
M25 Class;y
13%
Vine Entertainment SECRET NUMBER
13%
TR Entertainment TRI.BE
13%
D.R Music Blackswan
12%
Allart Entertainment PIXY
11%
C9 Entertainment cignature
10%
Woolim Entertainment DRIPPIN
10%
143 Entertainment Limelight
10%
MNH Entertainment 8turn
9%
n.CH Entertainment Nature
9%
Spire Entertainment OMEGA X
9%
Kakao Entertainment woo!ah!
9%
MNH Entertainment BVNDIT
7%
Kiwi Pop GWSN
7%
A team Entertainment bugAboo
5%
A2Z Entertainment CSR
5%
Genie Music DKZ
5%
FC ENM ily:1
5%
E Entertainment E'LAST
4%
Grandline Group Entertainment H1-KEY
4%
KM Entertainment ICHILLIN'
4%
YES IM Entertainment mimiirose
3%
Ganada Entertainment THE7
2%
JJ Holic Media LunarSolar
1%
MIRI Entertainment MIRI Girls
1%
AO Entertainment PRIMROSE
1%
Starship Entertainment WJSN CHOCOME
1%
No matching quizzes found
Score Distribution
Percent of People with Each Score
Percentile by Number Answered
Your Score History
You have not taken this quiz